Własność prefabrykancka w Łodzi w latach 1820-1866

Titel: Własność prefabrykancka w Łodzi w latach 1820-1866 / Dorota Wiśniewska
Verfasser:
Ausgabe: Wydanie 1
Veröffentlicht: Łódź : Wydawnictwo Uniwersytetu Łódzkiego, 2019
Umfang: 326 Seiten : Pläne ; 24 cm
Format: Buch
Sprache: Polnisch
Schlagworte:
ISBN: 9788381423656 ; 9788381423670
Buchumschlag
X
alg: 51479243
001A    $03025:18-01-24 
001B    $03025:18-01-24 $t11:28:33.000 
001D    $03025:18-01-24 
001U    $0utf8 
001X    $00 
002@    $0Aax 
002C    $aText $btxt $2rdacontent 
002D    $aohne Hilfsmittel zu benutzen $bn $2rdamedia 
002E    $aBand $bnc $2rdacarrier 
003@    $0514792434 
004A    $A978-83-8142-365-6 
004O    $A978-83-8142-367-0 $So 
006C    $01126563445 $aOCoLC 
007A    $0BV046224738 $aBVB 
009P    $qapplication/pdf $3Inhaltsverzeichnis $uhttp://bvbr.bib-bvb.de:8991/F?func=service&doc_library=BVB01&local_base=BVB01&doc_number=031603350&sequence=000001&line_number=0001&func_code=DB_RECORDS&service_type=MEDIA $mDigitalisierung BSB München 19 - ADAM Catalogue Enrichment 
009P    $qapplication/pdf $3Literaturverzeichnis $uhttp://bvbr.bib-bvb.de:8991/F?func=service&doc_library=BVB01&local_base=BVB01&doc_number=031603350&sequence=000003&line_number=0002&func_code=DB_RECORDS&service_type=MEDIA $mDigitalisierung BSB München 19 - ADAM Catalogue Enrichment 
010@    $apol 
010E    $erda 
011@    $a2019 $n2019 
021A    $aWłasność prefabrykancka w Łodzi w latach 1820-1866 $hDorota Wiśniewska 
028A    $BVerfasser $4aut $8Wiśniewska, Dorota$Z1972- [Tp3] $9486704106 
032@    $aWydanie 1 
033A    $pŁódź $nWydawnictwo Uniwersytetu Łódzkiego 
034D    $a326 Seiten 
034I    $a24 cm 
034M    $aPläne 
044A    $aProperty / Poland / Łódź / History / 19th century $S#0 $N653 
044A    $aRight of property / Poland / Łódź / History / 19th century $S#0 $N653 
044A    $aReal property / Poland / Łódź / History / 19th century $S#0 $N653 
044K    $qBVB $#Lodz $#Lodz $#Litzmannstadt $#Lodsch $74074299-4 $8Łódź [Tg1] $9085209155 
044K    $qBVB $#Property $#Right of property $#Propriété $#Propiedad $#ownership $#Eigentum $#Eigentum $#Eigentumsrecht $74013793-4 $8Eigentum [Ts1] $9085030554 
044K    $qBVB $#Economic conditions $#Conditions économiques $#Economia $#Wirtschaftslage $#wirtschaftliche Lage $#Wirtschaftliche Situation $#Wirtschaftslage $#Wirtschaftssituation $#Wirtschaftliche Verhältnisse $74248362-1 $8Wirtschaftliche Lage [Ts1] $9086310615 
045F    $a330.0943809034 $eDDC22BSB 
045F/01 $a330.09 
045F/03 $f09034 
045F/03 $g438 
045R    $aGeschichte 1820-1866 
045T    $aOST $qDE-12 $2FID 

lok: 51479243 78

exp: 51479243 78 1 #EPN
201B/01 $018-01-24 $t11:28:33.000 
201C/01 $018-01-24 
201U/01 $0utf8 
203@/01 $01254739467 
208@/01 $a18-01-24 $be 
209A/01 $a/ $f000 $x00 
209A/01 $ab*p $x01 
220C/01 $apgar 
244Z/01 $#Generalgouvernement Polen $#Polska $#Rzeczpospolita Polska $#Polska Rzeczpospolita Ludowa $#Poland $#Pologne $#République Polonaise $#Generalne Gubernatorstwo w Polsce $#Polish People's Republic $#Polska Rzeczpospolita Polen $#PRL $#RP $#Polen Generalgouvernement $#Polska Generalgouvernement $#Besetzte Polnische Gebiete $#Besetztes Gebiet in Polen $#Okupowane Polskie Obszary $#Obszary Okupowane w Polsce $#Volksrepublik Polen $#Polska Rosyjska $#Republic Polen $#Respublika Pol'ša $#Pol'skaja Narodnaja Respublika $#République de Pologne $#Polen Links der Weichsel $#Polska po Lewej Stronie Wisły $#Lenkija $#Polija $#Gubernija Carstva Pol'skago $#Republik Polen $74046496-9 $8--Tg1--Polen $x01 $9085129801 
247C/01 $82080>Marburg/Lahn, Herder-Institut, Forschungsbibliothek, Bibliographieportal $9336309341
LEADER 00000nam a22000002c 4500
001 514792434
003 DE-603
005 20240118112833.0
007 tu
008 240118s2019 xx |||| | u00||u|pol c
020 |a 9788381423656 
035 |a (DE-599)BVBBV046224738 
040 |a DE-603  |b ger  |c DE-603  |d DE-603  |e rda 
041 |a pol 
082 0 4 |8 1\u  |a 330.0943809034  |q DE-101  |2 22/BSB 
084 |a OST  |q DE-12  |2 fid 
085 |8 1\u  |b 330.09 
085 |8 1\u  |z 1  |s 09034 
085 |8 1\u  |z 2  |s 438 
100 1 |a Wiśniewska, Dorota  |d 1972-  |e Verfasser  |4 aut  |0 (DE-603)486704106  |0 (DE-588)124347193X  |2 gnd 
245 0 0 |a Własność prefabrykancka w Łodzi w latach 1820-1866  |c Dorota Wiśniewska 
250 |a Wydanie 1 
264 1 |a Łódź  |b Wydawnictwo Uniwersytetu Łódzkiego  |c 2019 
300 |a 326 Seiten  |b Pläne  |c 24 cm 
336 |a Text  |b txt  |2 rdacontent 
337 |a ohne Hilfsmittel zu benutzen  |b n  |2 rdamedia 
338 |a Band  |b nc  |2 rdacarrier 
648 7 |a Geschichte 1820-1866  |2 gnd 
650 7 |a Eigentum  |0 (DE-588)4013793-4  |0 (DE-603)085030554  |2 gnd 
650 7 |a Wirtschaftliche Lage  |0 (DE-588)4248362-1  |0 (DE-603)086310615  |2 gnd 
651 7 |a Łódź  |0 (DE-588)4074299-4  |0 (DE-603)085209155  |2 gnd 
776 1 |z 9788381423670 
856 4 2 |m Digitalisierung BSB München 19 - ADAM Catalogue Enrichment  |q application/pdf  |u http://bvbr.bib-bvb.de:8991/F?func=service&doc_library=BVB01&local_base=BVB01&doc_number=031603350&sequence=000001&line_number=0001&func_code=DB_RECORDS&service_type=MEDIA  |3 Inhaltsverzeichnis 
856 4 2 |m Digitalisierung BSB München 19 - ADAM Catalogue Enrichment  |q application/pdf  |u http://bvbr.bib-bvb.de:8991/F?func=service&doc_library=BVB01&local_base=BVB01&doc_number=031603350&sequence=000003&line_number=0002&func_code=DB_RECORDS&service_type=MEDIA  |3 Literaturverzeichnis 
924 0 |9 2080  |a (DE-603)1254739467  |b DE-2080  |c HES  |d d  |g /